| 000 | 00392nam a22001697a 4500 | ||
|---|---|---|---|
| 005 | 20230314115449.0 | ||
| 008 | 160120b xxu||||| |||| 00| 0 eng d | ||
| 020 | _cRs.3 | ||
| 040 | _aLoreto College | ||
| 082 |
_a891.44 _bDAS |
||
| 100 | _aDasgupta, Sasibhusan | ||
| 245 | _aSilpo lipi | ||
| 260 |
_aKolkata _bA.Mukherjee & co.ltd |
||
| 650 | _aBengali | ||
| 850 | _aLCLIB | ||
| 942 | _cBK | ||
| 999 |
_c40401 _d90880 |
||